Christianity and imperialism in modern Japan; Empire for god. (Record no. 1433226)

MARC details
000 -LEADER
fixed length control field 00670nam a2200217Ia 4500
005 - DATE AND TIME OF LATEST TRANSACTION
control field 20250701164500.0
008 - FIXED-LENGTH DATA ELEMENTS--GENERAL INFORMATION
fixed length control field 008 250505s9999 xx 000 0 eng d
020 ## - INTERNATIONAL STANDARD BOOK NUMBER
International Standard Book Number 9781474282765
037 ## - SOURCE OF ACQUISITION
Stock number Textual
040 ## - CATALOGING SOURCE
Original cataloging agency EASL
Language of cataloging eng
Transcribing agency EASL
041 ## - LANGUAGE CODE
Language code of text/sound track or separate title eng
Source of code eng
084 ## - COLON CLASSIFICATION NUMBER
Classification number V42 :170a Q6, Q4
Assigning agency EASL
100 ## - MAIN ENTRY--PERSONAL NAME
Personal name Anderson Emily Au.
245 #0 - TITLE STATEMENT
Title Christianity and imperialism in modern Japan; Empire for god.
260 ## - PUBLICATION, DISTRIBUTION, ETC.
Place of publication, distribution, etc. UK
Name of publisher, distributor, etc. London Bloomsbury academic United kingdom
Date of publication, distribution, etc. 2014
300 ## - PHYSICAL DESCRIPTION
Extent 314p.
365 ## - TRADE PRICE
Price type code UK
650 ## - SUBJECT ADDED ENTRY--TOPICAL TERM
Topical term or geographic name entry element Christianity-Japan--twenty th century
9 (RLIN) 815007
942 ## - ADDED ENTRY ELEMENTS (KOHA)
Koha item type Textual
Classification part V42 :170a Q6, Q4
Holdings
Withdrawn status Lost status Damaged status Not for loan Collection Home library Current library Date acquired Total Checkouts Full call number Barcode Date last seen Price effective from Koha item type
        Japanese English Language Department of East Asian Studies Library Department of East Asian Studies Library 2025-07-01   V42 :170a Q6, Q4 EA1604413 2025-07-01 2025-07-01 Textual
Copyright @ Delhi University Library System